00660cam a2200205ua 45000010005000000080039000050200018000440400009000620820010000711000020000812450067001012500009001682600056001773000017002336530014002506530049002649420007003139990015003209520119003352207110805n ii |||gr||||Z||||||eng a81-259-1056-5 cMAIN a371.3 aAgarwal, J. C.,1 aPrinciples, methods & technoques of teachingcby J. C. Agarwal a2nd. aNew Delhi:bVikas publishing house pvt. ltd,c2006. a427p:c23cm. aEducation aPrinciples, methods & technoques of teaching cBK c2075d2075 00104070aMAINbMAINcGENd2020-09-19l3o371.3 | AGAp16647r2024-08-20 05:31:33s2024-08-09t1w2020-09-19yBK